| 000 | 00434nam a22001697a 4500 | ||
|---|---|---|---|
| 005 | 20250207161410.0 | ||
| 008 | 250207b |||||||| |||| 00| 0 eng d | ||
| 020 | _a9780852975336 | ||
| 050 |
_aHG181 _bLIP |
||
| 100 | _aLipscombe, Geoffrey | ||
| 245 | _aThe Business of banking | ||
| 250 | _a3rd | ||
| 260 |
_aCanterbury _bChartered Institute of Bankers _cc1999 |
||
| 300 | _aix, 259p | ||
| 700 | _aPond, Keith | ||
| 942 |
_2lcc _cBK _n0 |
||
| 999 |
_c3553 _d3553 |
||